Online katalóg knižníc regiónu Turca

Smädný milenec (Record no. 20930)

MARC details
000 -LEADER
fixed length control field 01664cam a2200493 a 4500
001 - CONTROL NUMBER
control field 20930
003 - CONTROL NUMBER IDENTIFIER
control field VRT
005 - DATE AND TIME OF LATEST TRANSACTION
control field 20260207102609.0
008 - FIXED-LENGTH DATA ELEMENTS--GENERAL INFORMATION
fixed length control field 240318s1971 xo o e 000 1bslo
015 ## - NATIONAL BIBLIOGRAPHY NUMBER
National bibliography number SNBA1971/05-01277
035 ## - SYSTEM CONTROL NUMBER
System control number SK01SNK19710046991
035 ## - SYSTEM CONTROL NUMBER
System control number SKM000049454
039 #9 - LEVEL OF BIBLIOGRAPHIC CONTROL AND CODING DETAIL [OBSOLETE]
Level of rules in bibliographic description 202403181642
Level of effort used to assign nonsubject heading access points VLOAD
Level of effort used to assign subject headings 202109281318
Level of effort used to assign classification VLOAD
Level of effort used to assign subject headings 202109161623
Level of effort used to assign classification VLOAD
Level of effort used to assign subject headings 202006171954
Level of effort used to assign classification msvkbb04
040 ## - CATALOGING SOURCE
Original cataloging agency SNK
Language of cataloging slo
Transcribing agency SNK
Description conventions AACR2
041 0# - LANGUAGE CODE
Language code of text/sound track or separate title slo
044 ## - COUNTRY OF PUBLISHING/PRODUCING ENTITY CODE
MARC country code xo
ISO country code SK
072 #7 - SUBJECT CATEGORY CODE
Subject category code 821.162.4.09
Subject category code subdivision Slovenská literatúra (o nej)
Source konspekt
080 ## - UNIVERSAL DECIMAL CLASSIFICATION NUMBER
Universal Decimal Classification number 821.162.4-051
Edition identifier 2011
080 ## - UNIVERSAL DECIMAL CLASSIFICATION NUMBER
Universal Decimal Classification number (0:82-94)
Edition identifier 2011
100 1# - MAIN ENTRY--PERSONAL NAME
Personal name Plávka, Andrej,
Dates associated with a name 1907-1982
Relationship aut
245 10 - TITLE STATEMENT
Title Smädný milenec
Remainder of title skoro ako román jedného života
Statement of responsibility, etc. Andrej Plávka
250 ## - EDITION STATEMENT
Edition statement Vyd. 1.
260 ## - PUBLICATION, DISTRIBUTION, ETC.
Place of publication, distribution, etc. Bratislava
Name of publisher, distributor, etc. Slovenský spisovateľ
Date of publication, distribution, etc. 1971
300 ## - PHYSICAL DESCRIPTION
Extent 540, [2] s., [26] s. fotogr. príl.
Dimensions 19 cm
366 ## - TRADE AVAILABILITY INFORMATION
Note 13000 výt.
490 1# - SERIES STATEMENT
Series statement Slovenská próza
500 ## - GENERAL NOTE
General note Viazaná
600 1# - SUBJECT ADDED ENTRY--PERSONAL NAME
Personal name Plávka, Andrej,
Dates associated with a name 1907-1982
Source of heading or term SNKMA
650 07 - SUBJECT ADDED ENTRY--TOPICAL TERM
Topical term or geographic name entry element slovenskí spisovatelia
Source of heading or term SNKPH
650 07 - SUBJECT ADDED ENTRY--TOPICAL TERM
Topical term or geographic name entry element Slovak authors
Source of heading or term SNKPHeng
655 #7 - INDEX TERM--GENRE/FORM
Genre/form data or focus term spomienky
Source of term SMKPH
655 #7 - INDEX TERM--GENRE/FORM
Genre/form data or focus term Reminiscences
Source of term SNKPHeng
830 #0 - SERIES ADDED ENTRY--UNIFORM TITLE
Uniform title Slovenská próza
910 ## - USER-OPTION DATA (OCLC)
User-option data kis3gmm
942 ## - ADDED ENTRY ELEMENTS (KOHA)
Source of classification or shelving scheme Dewey Decimal Classification
Koha item type Krásna literatúra pre dospelých
Suppress in OPAC No
949 ## - LOCAL PROCESSING INFORMATION (OCLC)
a snklmMK 6148
949 ## - LOCAL PROCESSING INFORMATION (OCLC)
6 4710700174
9 1
a strmkB
b strmk2008/174
949 ## - LOCAL PROCESSING INFORMATION (OCLC)
6 273K0331338
a svkpoA 81150
b svkpo183730
949 ## - LOCAL PROCESSING INFORMATION (OCLC)
6 270001000632485
a svkbbS 37322
b svkbbm 233076
949 ## - LOCAL PROCESSING INFORMATION (OCLC)
6 17A0919406
a snkSD 39010
949 ## - LOCAL PROCESSING INFORMATION (OCLC)
6 17A0030079
9 P60, <04>, [BOOK], {604}
a snkSD 39010 D1
949 ## - LOCAL PROCESSING INFORMATION (OCLC)
6 0133036223
a snmk
b snmk36223
Holdings
Stav vyradenia Strata Poškodenie Spôsob nadobudnutia Domovská knižnica Aktuálna knižnica Dátum nadobudnutia Total checkouts Čiarový kód exemplára Date last seen Typ exemplára
      Dar Obecná knižnica Horná Štubňa Obecná knižnica Horná Štubňa 07.02.2026   4736201097 07.02.2026 Krásna literatúra pre dospelých
Projekt je podporený Slovenskou asociáciou knižníc
Prevádzkuje Turčianska knižnica Martin 2026